000 00366nam a2200121 a 4500
001 000038518
005 20201002031302.0
008 130412s2012 dr 000 0 spa d
040 _aDO-SdBNP
_bspa
_cBNPHU
245 0 0 _aGuía para pacientes en diálisis.
260 _aAzua, República Dominicana :
_bHospital Regional Taiwan,
_c2012.
300 _a34 p. :
_bil. ;
_c21 cm.
999 _c38008
_d38008